00000000cam 2200000za 4500
0019.674418
003CaOODSP
00520260105080655
007cr |||||||||||
008150407|2005||||xxc|||||o    f|0| 0 chi d
020 |a0-662-02794-9
040 |aCaOODSP|bfre
043 |an-cn---
0861 |aM39-115/2005Chi2-PDF|zM39-115/2005Ch-PDF
24500|aLogiciel RETScreen® manuel de l'utilisateur en ligne - modèle pour projets d'installation photovoltaïque |h[ressource électronique]
250 |a[Édition chinois simplifié].
260 |aQuébec - Québec : |bRessources naturelles Canada. |cc1997-2005.
300 |a102p.|bill. en couleur, graphiques
504 |aBibliographie.
546 |aTexte en chinois simplifié.
590 |a13-24-Supp|b2013-10-18
69107|aÉnergie alternative|2gcpds
69107|aÉnergie solaire|2gcpds
69107|aTechnologie énergétique|2gcpds
7101 |aCanada. |bDirection de la technologie de l'énergie.
77508|tRETScreen® software online user manual - photovoltaic project model / |w(CaOODSP)9.687440
791 |tRETScreen® software online user manual - photovoltaic project model |eeng|w(CaOODSP)9.674417
85640|ahttp://publications.gc.ca|qPDF|s918 Ko|uhttps://publications.gc.ca/collections/collection_2013/rncan-nrcan/M39-115-2005-chi.pdf